| 000 | 01497nam a2200337 i 4500 | ||
|---|---|---|---|
| 001 | 000021780 | ||
| 003 | DO-SdBNP | ||
| 005 | 20260220103153.0 | ||
| 007 | ta | ||
| 008 | 100913s1939 dr 000 0 spa d | ||
| 040 |
_aDO-SdBNP _bspa _cBNPHU _erda |
||
| 041 | _aspa | ||
| 049 | _aBNPD | ||
| 082 | 4 |
_a972.9304 _bL595n _222 |
|
| 100 | 1 |
_aLépervanche Parparcén, R., _eautor _4aut. _945252 |
|
| 245 | 1 | 0 |
_aNúñez de Cáceres y Bolivar : _bel proyecto de incorporacion del Estado Independiente de Haiti Español a la gran Colombia / _cR. Lépervanche Parparcén. |
| 264 | 1 |
_aCaracas : _bEditorial Bolivar, _c1939. |
|
| 300 |
_a143 páginas ; _c17 cm. |
||
| 336 |
_atexto _btxt _2rdacontent |
||
| 337 |
_asin mediación _bn _2rdamedia |
||
| 338 |
_avolumen _bnc _2rdacarrier |
||
| 500 | _aIncluye referencias bibliográficas y notas al pie de las páginas | ||
| 500 | _a "Este estudio ha sido publicado en fragmentos. Uno lo fué en Clio, revista bimestre de la Academia dominicana de la historia, fascículo VI, noviembre y diciembre de 1934; otro en el Boletín de la Academia Nacional de la Historia, Caracas Venezuela, tomo XXI, no. 81, enero-marzo de 1938." | ||
| 504 | _aBibliografías : páginas 136-143 | ||
| 590 | _aInventariado, 2026/BT | ||
| 600 | 1 | 0 |
_a Núñez de Cáceres, José, _d1772?-1846. _989068 |
| 600 | 1 | 0 |
_aBolívar, Simón, _d1783-1830. _989069 |
| 651 | 7 |
_aHaiti _xHistoria _y1804-1844. _989070 |
|
| 651 | 7 |
_a Colombia _xHistoria _y1822-1832. _946683 |
|
| 942 |
_2ddc _cLBS1 |
||
| 999 |
_c21279 _d21279 |
||